Quiz o kompozytorach klasycznych - Statystyki

Ogólne statystyki
  • Ten quiz został rozwiązany 23 razy
  • Średni wynik to 6 z 20
Statystyki odpowiedzi
Klasyczne dzieło Kompozytor % Poprawnych
Moonlight Sonata Ludwig van Beethoven
81%
The Four Seasons Antonio Vivaldi
76%
The Magic Flute Wolfgang Amadeus Mozart
57%
Ride of the Valkyries Richard Wagner
52%
Boléro Maurice Ravel
48%
Black Key Etude Fryderyk Chopin
38%
Finlandia Jean Sibelius
33%
The Brandenburg Concertos Johann Sebastian Bach
33%
Carmina Burana Carl Orff
29%
Rhapsody in Blue George Gershwin
24%
Madame Butterfly Giacomo Puccini
24%
The Planets Gustav Holst
24%
The Rite of Spring Igor Strawinski
24%
Hungarian Rhapsody Franz Liszt
19%
Canon In D Johann Pachelbel
19%
Flight of the Bumble-Bee Nikołaj Rimski-Korsakow
14%
Adagio for Strings Samuel Barber
14%
Fanfare for the Common Man Aaron Copland
5%
Swan Lake Piotr Iljicz Czajkowski
5%
Messiah George Frideric Handel
0%
Nie znaleziono quizów pasujących do podanych kryteriów
Rozkład punktacji
Procent ludzi z każdym wynikiem
Percentyl według liczby udzielonych odpowiedzi
Twoja historia wyników
Nie rozwiązałeś tego quizu